000 00487nam a2200169Ia 4500
008 240729s9999 xx 000 0 und d
022 _a2393-1817
245 4 _aThe Journal of Critical Care Medicine
260 _aPoland
260 _bSciendo
650 _a Internal medicine
650 _a Medical emergencies. Critical care. Intensive care. First aid
650 _aMedicine
856 _uhttps://doaj.org/toc/ced106c93bb84f4ebca0e55b33476d78
942 _2ddc
942 _cDOAJEJ
999 _c73511
_d73511
945 _a1
_bMadushi Gamage
_c1
_dMadushi Gamage